000 01470cad a22002415a 4500
001 L145702
008 081103e20081030xxko f 000 0 eng d
035 _a(Sirsi) u145702
041 0 _aeng
110 2 _aBuilding Research Establishment
245 0 0 _aBRE Global launches new framework standard for responsible sourcing of construction products
_h[electronic resource]
260 _c2008
490 _aBRE Press Release
_v30 October 2008
520 _aReports on the launch of a new framework standard for the responsible sourcing of products by BRE Global. Called BRE Environmental and Sustainability Standard (BES) 6001:2008, it takes into account the social, economic and environmental aspects of sustainability. It deals with issues such as material of production, working conditions of those producing the item, and its impact on the environment. Shows that the standard establishes requirements under three categories: organisational management, supply chain management, environmental and social issues.
590 _aKA NTK
650 2 4 _aBRE ENVIRONMENTAL AND SUSTAINABILITY STANDARD (BES)
651 4 _aEngland
_y886-
690 _aENVIRONMENTAL AND LAND CONSULTANCY-SUSTAINABILITY
690 _aBUILDING AND CONSTRUCTION-MATERIALS AND PRODUCTS
690 _aMANAGEMENT-BUSINESS MANAGEMENT-BUSINESS ETHICS-CORPORATE SOCIAL RESPONSIBILITY
856 4 0 _uhttps://www.bre.co.uk/newsdetails.jsp?id=513
_zView this item at www.bre.co.uk...
942 _n0
999 _c80922
_d80922